Hulk Hogan's opponents - Statistics

General Stats
  • This quiz has been taken 1,189 times
    7 since last reset
  • The average score is 72 of 141
Answer Stats
Answer % Correct
Big Van Vader
100%
Bret "Hitman" Hart
100%
Dusty Rhodes
100%
Jeff Jarrett
100%
Kevin Nash
100%
Kurt Angle
100%
Lex Luger
100%
"Macho Man" Randy Savage
100%
Ric Flair
100%
"Rowdy" Roddy Piper
100%
Scott Hall
100%
Shawn Michaels
100%
Sting
100%
The Iron Sheik
100%
The Ultimate Warrior
100%
Yokozuna
100%
Adrian Adonis
83%
Andre the Giant
83%
Arn Anderson
83%
Bob Orton
83%
Chris Jericho
83%
"Diamond" Dallas Page
83%
Dustin Rhodes
83%
Greg "The Hammer" Valentine
83%
Haku
83%
Jim Duggan
83%
King Kong Bundy
83%
Randy Orton
83%
Sgt. Slaughter
83%
Sid Vicious
83%
Ted Dibiase
83%
The Giant
83%
The Rock
83%
The Undertaker
83%
Vince McMahon
83%
Virgil
83%
Bad News Brown
67%
Brock Lesnar
67%
Brutus Beefcake
67%
Goldberg
67%
Jake "The Snake" Roberts
67%
Kamala
67%
"Mr. Perfect" Curt Hennig
67%
"Mr. Wonderful" Paul Orndorff
67%
Nikolai Volkoff
67%
One Man Gang
67%
Scott Steiner
67%
The Warlord
67%
Abdullah the Butcher
50%
Afa
50%
Antonio Inoki
50%
Big Bossman
50%
Big John Studd
50%
Billy Kidman
50%
Bob Backlund
50%
Brian Blair
50%
Don Muraco
50%
Earthquake
50%
General Adnan
50%
Harley Race
50%
Hercules Hernandez
50%
Honkytonk Man
50%
Horace Hogan
50%
Ivan Putski
50%
Jacques Rougeau
50%
Jerry "The King" Lawler
50%
Jesse "The Body" Ventura
50%
Ken Patera
50%
Masa Chono
50%
Mr. Fuji
50%
Nick Bockwinkel
50%
Rick Martel
50%
Rick Rude
50%
Rikishi
50%
S.D. Jones
50%
Sika
50%
Stan Hansen
50%
Tatsumi Fujinami
50%
Terry Funk
50%
The Wall
50%
Tito Santana
50%
Tony Atlas
50%
Tony Garea
50%
Triple H
50%
Typhoon
50%
Boris Zhukov
33%
Butch Reed
33%
David Schultz
33%
Dick Murdoch
33%
Dick Slater
33%
Dino Bravo
33%
Genichiro Tenryu
33%
Harry Valdez
33%
Hugh Morrus
33%
Johnny Rodz
33%
Killer Khan
33%
Masa Saito
33%
Mike Awesome
33%
Pedro Morales
33%
Rene Goulet
33%
Rick McGraw
33%
Riki Choshu
33%
The Genius
33%
The Great Muta
33%
The Masked Superstar
33%
Tiger Chung Lee
33%
Vampiro
33%
Wahoo McDaniel
33%
William Regal
33%
Akira Maeda
17%
Austin Idol
17%
Bob Armstrong
17%
Bobby Duncum
17%
Chris Adams
17%
Dominic DeNucci
17%
Eduardo Carpentier
17%
George "The Animal" Steele
17%
Gorilla Monsoon
17%
Jerry Blackwell
17%
Jose Estrada
17%
Kengo Kimura
17%
Mike Masters
17%
Moondog Rex
17%
Moondog Spot
17%
Otto Wanz
17%
Pat Patterson
17%
Ron Bass
17%
Ron Fuller
17%
Rusher Kimura
17%
Sean O'Haire
17%
Seiji Sakaguchi
17%
Steve Keirn
17%
The Assassin
17%
The Mongolian Stomper
17%
The Outlaw
17%
Tiger Jeet Singh
17%
Tiger Toguchi
17%
Animal Hamaguchi
0%
Baron Mikel Scicluna
0%
Chic Donovan
0%
Strong Kobayashi
0%
No matching quizzes found
Score Distribution
Percent of People with Each Score
Percentile by Number Answered
Your Score History
You have not taken this quiz since the last reset